Convención sobre los Derechos del Niño /

Dos documentos de capital importancia en materia de derechos humanos: la Convención de los Derechos del Niño, y la CEDAW; la primera es un tratado internacional que reconoce los derechos humanos de los niños y de las niñas de todo el mundo, promulgada el 20 de noviembre de 1989, y entró en vigor el...

Descripción completa

Guardado en:
Detalles Bibliográficos
Autores corporativos: Convención sobre los Derechos del Niño ( ONU), Convención sobre la Eliminación de Todas las Formas de Discriminación Contra la Mujer
Formato: Procedimiento de la conferencia Libro
Idioma:Español
Publicado: La Habana, Cuba : UNICEF, 2000
Temas:
Etiquetas: Agrega una etiqueta
Sin etiquetas, Sé el primero en etiquetar este registro!

MARC

LEADER 00000nam^a2200000^a^4500
001 000399046
005 20250526000000.0
009 20260310121542.486
037 |a Acervo ITESO - Biblioteca 
041 |a ESP 
082 |a 346. 01351  |b CON 
111 |a Convención sobre los Derechos del Niño (  |d 1989 :  |c ONU) 
240 1 1 |a [Convención sobre los Derechos del Niño] 
240 1 1 |a [Convención sobre la Eliminación de Todas las Formas de Discriminación Contra la Mujer] 
240 1 1 |a [CEDAW] 
240 1 1 |a [Convention on the Elimination of All Forms of Discrimination against Women] 
245 1 0 |a Convención sobre los Derechos del Niño /  |c ONU. 
264 1 |a La Habana, Cuba :  |b UNICEF,  |c 2000 
300 |a 95 p. ;  |c 14.0 cm. 
336 |a texto  |b txt  |2 rdacontenido 
337 |a sin mediación  |b n  |2 rdamedio 
338 |a volumen  |b nc  |2 rdasoporte 
520 |a Dos documentos de capital importancia en materia de derechos humanos: la Convención de los Derechos del Niño, y la CEDAW; la primera es un tratado internacional que reconoce los derechos humanos de los niños y de las niñas de todo el mundo, promulgada el 20 de noviembre de 1989, y entró en vigor el 2 de septiembre de 1990, es el instrumento jurídico de derechos humanos más amplio y rápidamente aceptado por la comunidad internacional. Por su parte, la CEDAW, Conocida también como Convención sobre la Eliminación de Todas las Formas de Discriminación contra la Mujer, fue aceptada por la ONU el 18 de diciembre de 1979 y entró en vigor como tratado internacional el 3 de septiembre de 1981, establece de una manera legal los principios sobre los derechos de la mujer, exigiendo que éstos sean iguales a los de los hombres; prescribe medidas para asegurar que todas las mujeres, en todas partes, puedan gozar de los derechos que les corresponden. 
561 |a Obra autografiada para Carlos Nez Hurtado 
649 |a XX 
650 |a Niños -  |x Condiciones Jurídicas -  |x Tema Principal 
650 |a Niños -  |x Condiciones Sociales y Culturales 
650 |a Adolescentes -  |x Condiciones Jurídicas -  |x Tema Principal 
650 |a Adolescentes -  |x Condiciones Sociales y Culturales 
650 |a Mujeres -  |x Condiciones Sociales y Culturales 
650 |a Mujeres -  |x Condiciones Jurídicas -  |x Tema Principal 
650 |a Discriminación de Género 
650 |a Roles de Género 
650 |a Delincuencia Juvenil 
650 |a Violencia Doméstica 
650 |a Problemas Sociales 
650 |a Salud Reproductiva 
650 |a Sexualidad 
650 |a Participación Política 
650 |a Derechos Humanos -  |x Tema Principal 
650 |a Derecho Social 
650 |a Tratados Internacionales 
650 |a Cooperación Internacional 
650 |a Educación 
650 |a Política Social 
650 |a Sociología 
711 |a Convención sobre la Eliminación de Todas las Formas de Discriminación Contra la Mujer (  |d 1979 :  |c ONU) 
740 0 |a Carta Internacional de los Derechos Humanos de la Mujer /  |c ONU. 
910 |a Fondo Carlos Núñez Hurtado 
920 |a Impresos - Libros 
930 |a Libros Antiguos y Raros 
905 |a 108 
901 |a 0500294308  |b IT2  |c LRA  |i d80593  |u 20250526 
902 |a https://opac.biblio.iteso.mx/vufind/Record/000399046